জরথুস্ত্র বললেম / (Record no. 41513)
[ view plain ]
| 000 -LEADER | |
|---|---|
| fixed length control field | 00914nam a22002417a 4500 |
| 001 - CONTROL NUMBER | |
| control field | 41513 |
| 003 - CONTROL NUMBER IDENTIFIER | |
| rucl marc code | BD-RjUL |
| 005 - DATE AND TIME OF LATEST TRANSACTION | |
| control field | 20211209053414.0 |
| 008 - FIXED-LENGTH DATA ELEMENTS--GENERAL INFORMATION | |
| fixed length control field | 160531s1962 bg ||||| |||| 00| 0 ben d |
| 020 ## - INTERNATIONAL STANDARD BOOK NUMBER | |
| Terms of availability | : PRs 7.75 |
| 035 ## - SYSTEM CONTROL NUMBER | |
| System control number | (BD-RjUL)41631 |
| 040 ## - CATALOGING SOURCE | |
| Original cataloging agency | BD-RjUL |
| Language of cataloging | ben |
| Transcribing agency | BD-RjUL |
| 041 ## - LANGUAGE CODE | |
| Language code of text/sound track or separate title | ben |
| 082 ## - DEWEY DECIMAL CLASSIFICATION NUMBER | |
| Edition number | 23 |
| Classification number | 295 |
| Author mark and year | NIJ 1962 |
| 100 ## - MAIN ENTRY--PERSONAL NAME | |
| Personal name | নীটশে, ফ্রেডরিক |
| 9 (RLIN) | 127573 |
| 245 10 - TITLE STATEMENT | |
| Title | জরথুস্ত্র বললেম / |
| Statement of responsibility, etc. | ফ্রেডরিক নীটশে ; মহীউদ্দীন অনূদিত |
| 260 ## - PUBLICATION, DISTRIBUTION, ETC. (IMPRINT) | |
| Place of publication, distribution, etc. | ঢাকা : |
| Name of publisher, distributor, etc. | বাংলা একাডেমী, |
| Date of publication, distribution, etc. | ১৯৬২ |
| 300 ## - PHYSICAL DESCRIPTION | |
| Pagination | [২০], ৩৫৪ পৃ. ; |
| Size | ২৫ সেমি. |
| 650 ## - SUBJECT ADDED ENTRY--TOPICAL TERM | |
| Topical term or geographic name as entry element | Zoroastrianism |
| 9 (RLIN) | 123174 |
| Topical term or geographic name as entry element | জরথুস্ট্রপন্থা |
| 9 (RLIN) | 127574 |
| 700 ## - ADDED ENTRY--PERSONAL NAME | |
| Personal name | মহীউদ্দীন অনূবাদ |
| 942 ## - ADDED ENTRY ELEMENTS (KOHA) | |
| Source of classification or shelving scheme | Dewey Decimal Classification |
| Koha item type | Books |
| Lost status | Source of classification or shelving scheme | Damaged status | Not for loan | Collection code | Permanent Location | Current Location | Shelving location | Date acquired | Cost, normal purchase price | Total Checkouts | Full call number | Date last seen | Copy number | Koha item type |
|---|---|---|---|---|---|---|---|---|---|---|---|---|---|---|
| Dewey Decimal Classification | Non-fiction | Central Library, University of Rajshahi | Central Library, University of Rajshahi | 21/12/1966 | 7.75 | B 295 NIJ 1962 | 31/05/2016 | C-2 | Books |